Представление документа в формате RUSMARC

ПолеНазваниеЗначение
  Тип записи i
  Библиографический уровень m
001 Контрольный номер RU/IS/BASE/361470626
005 Дата корректировки 20201206204807.7
010 Индекс ISBN __
a ISBN 978-5-9677-0930-2
d Цена 200-01
101 Язык документа __
a Язык текста rus
200 Заглавие и сведения об ответственности 1_
a Заглавие Кола Брюньон
e Сведения, относящиеся к заглавию [повесть : аудиокнига]
f Первые сведения об ответственности Ромен Роллан ; читает нар. артист России Леонид Кулагин
b Общее обозначение материала Звукозапись
210 Выходные данные __
a Место издания М.
c Издательство 1С-Паблишинг
d Дата издания 2008
215 Физическое описание __
a Объем 1 электрон. опт. диск (Audio CD) (10 ч. 33 мин.)
225 Серия __
a Серия Аудиокниги
225 Серия __
a Серия Классика
300 Общие примечания __
a Общие примечания 128 kbps ; MP3 ; Pentium-100 ; звуковая карта ; CD-ROM ; RAM 16 Mb ; SVGA, 800x600 ; мышь
a Общие примечания Част. коллекция Елены Резниковой
323 Примечание о главных создателях, исполнителях, участниках __
a Примечание о главных создателях, исполнителях, участниках Кулагин, Л. (читает)
330 Аннотация __
a Аннотация Одно из самых жизнеутверждающих произведений мировой литературы, по мнению литературных критиков. Показана жизнь маленького французского городка Кламси и его обитателей в XVI - н. XVII вв. Написанная в манере фольклорной стилизации, книга воссоздает своеобразный быт исторической Бургундии. Писатель создал замечательный образ Кола Брюньона - носителя народной мудрости, весельчака, страстно любящего жизнь.
333 Примечание о целевом назначении __
a Примечание о целевом назначении 16+. Для детей старше 16 лет
606 Тематические рубрики __
a Основная рубрика Художественная литература
606 Тематические рубрики __
a Основная рубрика Литература Европы (произведения)
610 Ключевые слова __
a Ключевые слова классическая литература; тема оптимизма; тема фольклора; тема любви к жизни; тема средневековья; французская литература; повести
686 Индексы других классификаций __
a Классификационный индекс 84(4Фра)-4я04
700 Автор _1
a Фамилия Роллан
b Имя Р.
4 Код отношения 070
801 Источник записи _0
a Страна RU
b Организация Муниципальное бюджетное учреждение культуры "Централизованная библиотечная система" г. Сургут (Центральная городская библиотека им. А. С. Пушкина)
g Правила каталогизации КиК/Котельникова
801 Источник записи _1
a Страна RU
b Организация Муниципальное бюджетное учреждение культуры "Централизованная библиотечная система" г. Сургут (Центральная городская библиотека им. А. С. Пушкина)
g Правила каталогизации КиК/Котельникова
852 Данные о местонахождении __
j Шифр хранения 84(4Фра)-4я04
i Авторский знак Р 67
901 Тип документа __
t Тип документа 0
903 Характеристики (МАРС) __
a Дата передачи 20110615
969 Тип издания __
a Тип издания аудиокнига
990 Данные о заказе (DOS) __
j Количество экземпляров (DOS) 1
h N записи в КСУ для Б/У (DOS) 201107